| 000 | 00468nam a2200217 454500 | ||
|---|---|---|---|
| 001 | 074220 | ||
| 003 | BD-ChCU | ||
| 008 | Eng | ||
| 020 | _ax | ||
| 040 |
_aDLC _cDLC _dBD-ChCU |
||
| 082 | 0 | 0 | _a362.2/KAW |
| 100 | 1 |
_aKadushin,Charles _bx |
|
| 245 | 1 | 0 |
_aWhy people go to psychiatrista _bx |
| 250 | _ax | ||
| 260 |
_aNew York _bAtherton _c1969 |
||
| 300 | _ax, 373p. | ||
| 504 | _a | ||
| 650 | 0 |
_aSociology _bSociology |
|
| 700 | 1 | _ax | |
| 942 |
_2ddc _cBK |
||
| 999 |
_c74220 _d74220 |
||